Mi Pajarera /
Zapisane w:
| 1. autor: | |
|---|---|
| Format: | Nieznany |
| Język: | Spanish |
| Wydane: |
San José, Costa Rica :
Liberia e ImprentaI e Imprenta las Américas,
1958.
|
| Hasła przedmiotowe: | |
| Etykiety: |
Dodaj etykietę
Nie ma etykietki, Dołącz pierwszą etykiete!
|
MARC
| LEADER | 000000000a22000000004500 | ||
|---|---|---|---|
| 001 | 007758 | ||
| 041 | 0 | |a spa | |
| 082 | 0 | 4 | |a CR 864.4 |b S718m |
| 100 | 1 | |a Soto Esquivel, Reinaldo | |
| 245 | 1 | 0 | |a Mi Pajarera / |c Reinaldo Soto Esquivel. |
| 260 | 1 | |a San José, Costa Rica : |b Liberia e ImprentaI e Imprenta las Américas, |c 1958. | |
| 300 | |a 32 páginas | ||
| 650 | 4 | |a LITERATURA COSTARRICENSE | |
| 650 | 4 | |a ENSAYOS | |
| 999 | |c 13622 |d 13622 | ||
| 942 | |c BK |h CR 864.4 S718m |2 z | ||
